[Event "RUS-chT U11 Girls"]
[Site "Sochi"]
[Date "2019.05.08"]
[Round "8.1"]
[White "Karpechenko, Aliona"]
[Black "Fedorova, Olesya"]
[Result "0-1"]
[WhiteElo "1116"]
[BlackElo "1515"]
[PlyCount "82"]
[EventDate "2019.05.10"]
[EventType "team-tourn"]
[EventRounds "9"]
[EventCountry "RUS"]
[SourceTitle "EXT 2022"]
[Source "ChessBase"]
[SourceDate "2021.10.06"]
[SourceVersion "1"]
[SourceVersionDate "2021.10.06"]
[SourceQuality "1"]

1. c3 Nf6 2. Qa4 g6 3. d3 Bg7 4. h3 0-0 5. g4 e5 6. g5 Nd5 7. Qh4 Nc6 8. Bg2 Nb6 9. b3 d5 10. Nf3 Ne7 11. Nh2 c5 12. f3 f5 13. gxf6 Bxf6 14. Qf2 Nf5 15. Qxc5 Be7 16. Qa5 Bh4+ 17. Kd1 Bg5 18. Ng4 Bxc1 19. Kxc1 h5 20. Nxe5 Qg5+ 21. Kc2 Ne3+ 22. Kb2 Qxe5 23. Rg1 Qh2 24. Nd2 Nxg2 25. Rh1 Qe5 26. e4 Nf4 27. d4 Qd6 28. exd5 Qxd5 29. Qxd5+ Nbxd5 30. h4 Bf5 31. Ne4 Nd3+ 32. Kc2 Nf2 33. Rhe1 Rae8 34. c4 Nf6 35. Kc3 N2xe4+ 36. fxe4 Rxe4 37. Rxe4 Nxe4+ 38. Kb4 Rd8 39. d5 b6 40. Kb5 Nc5 41. b4 Bd7# 0-1

[Event "RUS-chT U11 Girls"]
[Site "Sochi"]
[Date "2019.05.07"]
[Round "7.1"]
[White "Zavivaeva, Evelina"]
[Black "Karpechenko, Aliona"]
[Result "1-0"]
[WhiteElo "1298"]
[BlackElo "1116"]
[PlyCount "43"]
[EventDate "2019.05.10"]
[EventType "team-tourn"]
[EventRounds "9"]
[EventCountry "RUS"]
[SourceTitle "EXT 2022"]
[Source "ChessBase"]
[SourceDate "2021.10.06"]
[SourceVersion "1"]
[SourceVersionDate "2021.10.06"]
[SourceQuality "1"]

1. e4 c5 2. c3 d6 3. d4 cxd4 4. cxd4 Nf6 5. Nc3 e6 6. Nf3 Be7 7. Bd3 0-0 8. 0-0 b6 9. e5 Nd5 10. Nxd5 exd5 11. exd6 Bxd6 12. Bxh7+ Kh8 13. Ng5 g6 14. f4 Kg7 15. f5 Bxf5 16. Rxf5 gxf5 17. Bxf5 Nd7 18. Qg4 Kh8 19. Qh5+ Kg7 20. Ne6+ fxe6 21. Qg6+ Kh8 22. Qh7# 1-0

[Event "RUS-chT U11 Girls"]
[Site "Sochi"]
[Date "2019.05.03"]
[Round "3.1"]
[White "Fedorova, Olesya"]
[Black "Karpechenko, Aliona"]
[Result "1-0"]
[WhiteElo "1515"]
[BlackElo "1116"]
[PlyCount "111"]
[EventDate "2019.05.10"]
[EventType "team-tourn"]
[EventRounds "9"]
[EventCountry "RUS"]
[SourceTitle "EXT 2022"]
[Source "ChessBase"]
[SourceDate "2021.10.06"]
[SourceVersion "1"]
[SourceVersionDate "2021.10.06"]
[SourceQuality "1"]

1. e4 Nf6 2. e5 Nd5 3. d4 g6 4. Nf3 Bg7 5. Bc4 c6 6. 0-0 0-0 7. Bxd5 cxd5 8. Nc3 d6 9. Nxd5 dxe5 10. dxe5 Nc6 11. Bg5 f6 12. exf6 exf6 13. Be3 Be6 14. Nf4 Bc4 15. Re1 f5 16. c3 b5 17. a3 Qxd1 18. Raxd1 Bb3 19. Rd7 Rfd8 20. Rc7 Rac8 21. Rxc8 Rxc8 22. Ne2 Rd8 23. Ned4 Nxd4 24. Bxd4 a6 25. h3 Bh6 26. Re7 Bf7 27. Ra7 Bg7 28. Bxg7 Kxg7 29. Ng5 Rd1+ 30. Kh2 h6 31. Nxf7 Rd2 32. Ne5+ Kf6 33. f4 Rxb2 34. Rxa6+ Ke7 35. Nxg6+ Kf7 36. Ne5+ Ke7 37. Rxh6 Rb3 38. Nc6+ Kd7 39. Nd4 Rxa3 40. Rh7+ Ke8 41. Nxb5 Rb3 42. Nd6+ Kd8 43. c4 Rc3 44. Nxf5 Rxc4 45. Kg3 Rc3+ 46. Kg4 Ke8 47. Kg5 Kf8 48. g4 Kg8 49. Rg7+ Kf8 50. h4 Ke8 51. h5 Rh3 52. h6 Kf8 53. h7 Ke8 54. Nh6 Rxh6 55. Kxh6 Kd8 56. h8Q# 1-0